US States by Area - Two at a Time - Statistics

General Stats
  • This quiz has been taken 49 times
  • The average score is 5 of 25
Answer Stats
Hint Answer % Correct
1st/2nd Alaska/Texas
100%
3rd/4th California/Montana
96%
9th/10th Oregon/Wyoming
50%
7th/8th Nevada/Colorado
46%
5th/6th New Mexico/Arizona
46%
49th/50th Delaware/Rhode Island
31%
47th/48th New Jersey/Connecticut
23%
43rd/44th Hawaii/Massachusetts
15%
11th/12th Michigan/Minnesota
15%
17th/18th South Dakota/Washington
15%
39th/40th Maine/South Carolina
12%
19th/20th North Dakota/Oklahoma
12%
13th/14th Utah/Idaho
12%
15th/16th Kansas/Nebraska
8%
27th/28th New York/North Carolina
8%
45th/46th Vermont/New Hampshire
8%
35th/36th Virginia/Tennessee
8%
41st/42nd West Virginia/Maryland
8%
37th/38th Kentucky/Indiana
4%
31st/32nd Louisiana/Mississippi
4%
33rd/34th Pennsylvania/Ohio
4%
23rd/24th Wisconsin/Georgia
4%
29th/30th Arkansas/Alabama
0%
25th/26th Illinois/Iowa
0%
21st/22nd Missouri/Florida
0%
No matching quizzes found
Score Distribution
Percent of People with Each Score
Percentile by Number Answered
Your Score History
You have not taken this quiz